书目信息 |
| 题名: |
语言艺术与写作
|
|
| 作者: | 司红霞 编著 | |
| 分册: | ||
| 出版信息: | 北京 北京广播学院出版社 2002 |
|
| 页数: | 325页 | |
| 开本: | 20cm | |
| 丛书名: | 成教书系 | |
| 单 册: | ||
| 中图分类: | H119 , H15 | |
| 科图分类: | ||
| 主题词: | 写作--成人教育--教材 , 汉语 , 汉语--语言艺术--成人教育--教材 , 写作 , 语言艺术 | |
| 电子资源: | ||
| ISBN: | 7-81085-003-2 | |
| 000 | 01011oam2 2200337 450 | |
| 001 | 002297763 | |
| 005 | 20070729105018.89 | |
| 010 | @a7-81085-003-2@dCNY22.00 | |
| 100 | @a20030208d2002 em y0chiy0110 ea | |
| 101 | 0 | @achi |
| 102 | @aCN@b110000 | |
| 105 | @ay z 000yy | |
| 200 | 1 | @a语言艺术与写作@Ayu yan yi shu yu xie zuo@f司红霞编著 |
| 210 | @a北京@c北京广播学院出版社@d2002 | |
| 215 | @a325页@d20cm | |
| 225 | 2 | @a成教书系 |
| 300 | @a北京广播学院继续教育学院成教系列教材 | |
| 308 | @a丛书第一辑 | |
| 330 | @a本书作者积累多年课堂实际经验,分三个篇章论述了写作的基本原理及专项训练、语言的基本知识及运用、常见文体写作等内容。 | |
| 461 | 0 | @12001 @a成教书系 |
| 510 | 1 | @aLiterary Art & Writing@zeng |
| 606 | 0 | @a写作@x成人教育@j教材 |
| 606 | 0 | @a汉语 |
| 606 | 0 | @a汉语@x语言艺术@x成人教育@j教材 |
| 606 | 0 | @a写作 |
| 606 | 0 | @a语言艺术 |
| 690 | @aH119@v4 | |
| 690 | @aH15@v4 | |
| 701 | 0 | @a司红霞@Asi hong xia@4编著 |
| 801 | 0 | @aCN@bNLC@c20070729 |
| 905 | @a10447@dH119@e279 | |
| 语言艺术与写作/司红霞编著.-北京:北京广播学院出版社,2002 |
| 325页;20cm.-(成教书系) |
| 北京广播学院继续教育学院成教系列教材 |
| ISBN 7-81085-003-2:CNY22.00 |
| 本书作者积累多年课堂实际经验,分三个篇章论述了写作的基本原理及专项训练、语言的基本知识及运用、常见文体写作等内容。 |
| ● |
| 相关链接 |
|
|
|
|
正题名:语言艺术与写作
索取号:H119/279
 
预约/预借
| 序号 | 登录号 | 条形码 | 馆藏地/架位号 | 状态 | 备注 |
| 1 | 0784008 | 207840087 | 第二样本阅览室/ [索取号:H119/279] | 在馆 | |
| 2 | 0784009 | 207840096 | 第四借阅区/ [索取号:H119/279] | 在馆 | |
| 3 | 0784010 | 207840103 | 第四借阅区/ [索取号:H119/279] | 在馆 | |
| 4 | 0784011 | 207840112 | 第四借阅区/ [索取号:H119/279] | 在馆 | |
| 5 | 0784012 | 207840121 | 第四借阅区/ [索取号:H119/279] | 在馆 | |
| 6 | 0784013 | 207840130 | 第四借阅区/ [索取号:H119/279] | 在馆 | |
| 7 | 0784014 | 207840149 | 第四借阅区/ [索取号:H119/279] | 在馆 | |
| 8 | 0784850 | 207848506 | 第四借阅区/ [索取号:H119/279] | 在馆 |